Histoire de l'Empire romain - De la Monarchie à la République. - Statistiques

Statistiques générales
  • Ce quiz a été pris 206 fois
  • Le résultat moyen est 10 sur 20
Statistiques - réponses
Questions Réponses % Correct
Toujours selon la légende, ce personnage serait son fondateur Romulus
99%
Quelle cité méditerranéenne les romains affrontèrent ils durant les guerres puniques ? Carthage
84%
Quelle nom pris Octave en 27 av. J.-C., attribué par le Sénat ? Auguste
79%
Cette forme de pouvoir, fondée sur la personne d'Octave et de sa dynastie, débute alors à ce moment Principat
71%
De quelles nations étrangères provenaient les rois sous la Monarchie ? (nommez en une) Etrusque | Sabin
67%
En quelle année fut assassiné César ? 44 av. J.-C.
63%
Selon la légende, Rome aurait été fondée en cette année 753 av. J.-C.
59%
Quelle roi fût déposé en 509 av. J.-C., ce qui amena la création de la République ? Tarquin le Superbe
56%
Lors de quelle bataille Octave obtint-il une victoire décisive sur Marc-Antoine et Cléopâtre ? Bataille d'{Actium}
48%
Quel politicien, par ses célèbres discours, empêcha la conjuration de Catilina ? Cicéron
47%
A quel personnage Pompée et César s'associèrent-ils pour former le "premier triumvirat" ? Crassus
47%
Ces deux frères ont tenté de mener à la fin du IIe une série de réforme de l'organisation politique romaine Les Gracques
40%
Cet autre général se fit nommer dictateur en 82 av. J.-C. Sylla
35%
Ce général romain, élu 7 fois consul, était l'un des meneurs du parti des populares Marius
33%
Ce chef gaulois mis Rome à sac en 390 av. J.-C. Brennos
29%
Quels généraux Octave et Marc-Antoine vainquirent-ils lors de la bataille de Philippes ? Brutus
28%
Comment s'appelait le parcours par lequel les politiciens exerçaient successivement les différentes magistratures ? Cursus honorum
28%
Quelles magistratures ceux-ci exerçaient-ils ? Tribunat de la plèbe
21%
Sous la République, comment appelait-t-on un homme se lançant dans la carrière politique et dont aucun des ancêtres n'avait exercé de magistratures auparavant? Homo novus
18%
Cassius
11%
Aucun quiz correspondant
Distribution des résultats
% des personnes avec chaque résultat
Percentile par nombre de réponses
Votre historique - résultats
Vous n’avez pas pris ce quiz